1614 1613 1699 1341 1099 1983 1432 1100 1978 1246 1962 1624 1245 1168 1856 1821 1553 1977 1676 1556 1579 1732 1526 1061 1133 1651 1084 1118 1621 1672 1836 1946 1926 1639 1241 1378 1733 1831 1943 1763 1198 1170 1689 1612 1576 1786 1777 1800 1653 1304 1634 1713 1792 1627 1435 1810 1804 1917 1269 1802 1814 1256 1318 1293 1495 1865 1280 1497 1121 1807 1513 1190 1597 1809 1637 1712 1198 1040 1024 1488 1932 1650 1931 1284 1269 1608 1709 1098 1906 1172 1518 1993 1853 1232 1367 1397 1072 1512 1193 BCNSPRNW ULIB Ver.6.0+V

เปลี่ยนเป็นภาษาไทย

Change to English
 แสดงรายละเอียดบรรณานุกรม
  กลับหน้าหลัก

Brief Record : Get Marc (ISO 2709) : E-mail record : QR code < ปิดหน้าต่าง
LEADER : 00000nam 2200000uu 4500
001    13399110138
003     ULIB
008    110418s2549||||th 000 0 tha d
020    9789747489637
060 04 WJ378^bม174อ 2550
100 0  มนู ยุวศิริกุลชัย
245 00 อยู่กับไตวาย /^cมนู ยุวศิริกุลชัย
260    กรุงเทพฯ :^bใกล้หมอ,^c2549
300    104 หน้า
650  7 ไตวาย
945    ^p99^l0^i022543
995    ทศพร
999 ^a ใช้งานได้ทุกระบบ
รายการนี้ยังไม่มีแท็ก
คุณยังไม่ได้ล็อกอิน คุณสามารถมีกิจกรรมร่วมกับเว็บไซต์ได้ แต่ต้องล็อกอินก่อน ::
  ล็อกอิน

รายการสื่อสารสนเทศ

ลำดับที่ ประเภท เลขเรียก/บาร์โค้ด สถานที่ สถานะ
- ไม่พบข้อมูล -

รายการใกล้เคียง
    ผู้แต่ง [มนู ยุวศิริกุลชัย]

    หัวเรื่อง [ไตวาย]

BibComment


ยังไม่เคยถูกคอมเมนท์

คอมเมนท์ทรัพยากรรายการนี้
  คอมเมนท์: อยู่กับไตวาย มนู..


 Copyright 2026. Bcnsprnw @Library